An insight into the world of Microfinance/ (Record no. 211355)

MARC details
000 -LEADER
fixed length control field 00591nam a22001817a 4500
005 - DATE AND TIME OF LATEST TRANSACTION
control field 20250519153551.0
010 ## - LCCN (DPL NO)
LC control number ENG-144957
020 ## - INTERNATIONAL STANDARD BOOK NUMBER
Terms of availability 699.00
International Standard Book Number 9789392568701
035 ## - SYSTEM CONTROL NUMBER
System control number EN-128489
037 ## - SOURCE OF ACQUISITION
Source of stock number/acquisition DBAD
082 ## - DEWEY DECIMAL CLASSIFICATION NUMBER
Classification number 332
100 ## - MAIN ENTRY--PERSONAL NAME
Personal name Rai Vinita
245 ## - TITLE STATEMENT
Title An insight into the world of Microfinance/
Statement of responsibility, etc Vinita Rai,Monica Shrivastava,Shilpi Gupta
260 ## - PUBLICATION, DISTRIBUTION, ETC. (IMPRINT)
Place of publication, distribution, etc Chhattisgarh
Name of publisher, distributor, etc Aditi Publication
Date of publication, distribution, etc 2024
270 ## - ADDRESS
Address Opp.New Panchajanya vidya Mandir,Near Tiranga Chowk,Kushalpur,Raipur
City Chhattisgarh
Telephone number 9425210308
300 ## - PHYSICAL DESCRIPTION
Extent 75p.
Dimensions 21cm(PB)
942 ## - ADDED ENTRY ELEMENTS (KOHA)
Source of classification or shelving scheme Dewey Decimal Classification
Item type English Books
Classification part 332GUP
Holdings
Withdrawn status Lost status Not for loan Collection code Home library Current library Date acquired Source of acquisition Cost, normal purchase price Full call number Barcode Copy number Cost, replacement price Koha item type
      Non-fiction Sarojini Nagar Sarojini Nagar 19/05/2025 Delivery of Books Act Division 699.00 332 GUP EN-128489 1 699.00 English Books

© Delhi Public Library
Hit Counter
free hit counter